| 000 | 01264nam a2200169Ia 4500 | ||
|---|---|---|---|
| 005 | 20250718142147.0 | ||
| 008 | 250718s9999 xx 000 0 und d | ||
| 020 | _a9780198279761 | ||
| 082 |
_a941.60824 _bBRU |
||
| 100 | _aBruce, Steve | ||
| 245 | 4 | _aThe Edge of the Union | |
| 260 |
_bOUP Oxford _c1994 |
||
| 300 | _a176 pages | ||
| 500 | _aOn the twenty-fifth anniversary of the Northern Ireland `Troubles', Ulster's once dominant unionists are an increasingly alienated people. In this timely assessment of the prospects for peace, Steve Bruce examines the embittered world-view of two key sections of Ulster unionism: the loyalist terrorists and the evangelical supporters of Ian Paisley. To get to the heart of the unionist position Bruce asks how they see the last twenty-five years, what they want from the future, what they think they will get, what they will accept, and what they will fight to oppose. He describes the Troubles as a deeply entrenched ethnic conflict. He argues that a failure to appreciate the strength of Loyalist identity has prevented a proper understanding of the Troubles and that continued neglect of the majority makes strategies for peace pointless or counter-productive. | ||
| 650 | _aNorthern Ireland | ||
| 942 | _cENGLISH | ||
| 999 |
_c576363 _d576363 |
||